|
|
|
|
| LEADER |
00000nam a2200000 a 4500 |
| 001 |
vtls010548997 |
| 003 |
SK-MaSNL |
| 005 |
20260425235847.0 |
| 008 |
160430s2013 xo odb f n 000 0 slo |
| 015 |
|
|
|a SNBA2013/10
|
| 020 |
|
|
|a 9788080931735 (brož.)
|
| 035 |
|
|
|a 0994F659-8CF8-47FA-8562-39AD71C74F7E
|
| 035 |
|
|
|a urn:nbn:sk:snk-amjyx0
|
| 035 |
|
|
|a urn:nbn:sk:snk-am0083r0
|
| 040 |
|
|
|a SNK
|b slo
|c SNK
|e AACR2
|
| 041 |
0 |
|
|a slo
|
| 043 |
|
|
|a e-xo---
|
| 044 |
|
|
|a xo
|c SK
|
| 072 |
|
7 |
|a 630
|x Lesníctvo
|2 konspekt
|
| 080 |
|
|
|a 630.1
|2 2001
|
| 080 |
|
|
|a 581.526.42
|2 2001
|
| 080 |
|
|
|a 630.41
|2 2001
|
| 080 |
|
|
|a 574.1
|2 2001
|
| 080 |
|
|
|a (437.6)
|2 2001
|
| 080 |
|
|
|a (048.8)
|2 2001
|
| 245 |
0 |
0 |
|a Monitoring lesov Slovenska ČMS lesy 2012
|c [Pavel Pavlenda ... [et al.] ; autori fotografií: Jozef Pajtík ... [et al.]]
|
| 250 |
|
|
|a 1. vyd.
|
| 260 |
|
|
|a Zvolen
|b Národné lesnícke centrum-Lesnícky výskumný ústav
|c 2013
|
| 300 |
|
|
|a 142 s.
|b fareb. fotogr., grafy, mp., tab.
|c 29 cm
|
| 366 |
|
|
|e 60 výt.
|
| 504 |
|
|
|a Bibliogr.: s. 140-142
|
| 650 |
0 |
7 |
|a lesy
|2 SNKPH
|9 1437
|
| 650 |
0 |
7 |
|a Forests
|2 SNKPHeng
|9 276135
|
| 650 |
0 |
7 |
|a lesné ekosystémy
|2 SNKPH
|9 1436
|
| 650 |
0 |
7 |
|a Forest ecosystems
|2 SNKPHeng
|9 270552
|
| 650 |
0 |
7 |
|a defoliácia
|2 SNKPH
|9 19530
|
| 650 |
0 |
7 |
|a Defoliation
|2 SNKPHeng
|9 547133
|
| 650 |
0 |
7 |
|a škodlivé činitele
|2 SNKPH
|9 547134
|
| 650 |
0 |
7 |
|a Biodiversity
|2 SNKPHeng
|9 266352
|
| 650 |
0 |
7 |
|a biodiverzita
|2 SNKPH
|9 3702
|
| 651 |
|
7 |
|a Slovensko
|2 SNKPH
|9 14231
|
| 651 |
|
7 |
|a Slovakia
|2 SNKPHeng
|9 92630
|
| 655 |
|
7 |
|a štúdie
|2 SNKPH
|9 57033
|
| 655 |
|
7 |
|a Studies
|2 SNKPHeng
|9 265573
|
| 700 |
1 |
|
|a Pavlenda, Pavel,
|d 1965-
|4 aut
|4 edt
|4 pht
|9 192280
|
| 700 |
1 |
|
|a Pajtík, Jozef
|4 aut
|4 edt
|4 pht
|9 279380
|
| 700 |
1 |
|
|a Priwitzer, Tibor
|4 aut
|4 edt
|4 pht
|9 14134
|
| 700 |
1 |
|
|a Capuliak, Jozef
|4 aut
|9 429558
|
| 700 |
1 |
|
|a Konôpka, Milan
|4 aut
|9 429559
|
| 700 |
1 |
|
|a Krupová, Dana
|4 aut
|9 547135
|
| 700 |
1 |
|
|a Leontovyč, Roman,
|d 1930-1994
|4 aut
|9 27055
|
| 700 |
1 |
|
|a Pavlendová, Hana
|4 aut
|4 pht
|9 337439
|
| 700 |
1 |
|
|a Sitková, Zuzana
|4 aut
|4 pht
|9 298623
|
| 700 |
1 |
|
|a Tóthová, Slávka
|4 aut
|4 pht
|9 11257
|
| 700 |
1 |
|
|a Čaboun, Vladimír,
|d 1952-
|4 pht
|9 217979
|
| 852 |
|
|
|a Štátna vedecká knižnica v Banskej Bystrici
|
| 919 |
|
|
|a 978-80-8093-173-5
|
| 958 |
|
|
|a NB
|
| 999 |
|
|
|c 839971
|d 841901
|
| 952 |
|
|
|a SNK
|b SNK
|y PREZ
|7 0
|p 17A1084419
|o snkSB 85700
|i snk2013/24164
|8 0
|0 0
|1 0
|4 0
|d 2013-10-08
|f 1
|l 0
|r 2025-05-06 00:00:00
|w 2026-02-24
|
| 952 |
|
|
|a SNK
|b SNK
|y VYP
|7 0
|p 17A1084420
|o snkSB 85700 D1
|i snk2013/24165
|8 0
|0 0
|1 0
|4 0
|d 2013-10-08
|l 0
|r 2016-06-30 00:00:00
|w 2026-02-24
|